|
|
|
|
| LEADER |
01043nam a2200241 i 4500 |
| 003 |
GR-PaULI |
| 005 |
20250317105336.0 |
| 008 |
170913s1980 gr |||g |||| 00| 1 gre d |
| 952 |
|
|
|0 0
|1 0
|2 ddc
|4 0
|6 873_000000000000000_GIN
|7 0
|9 214962
|a LISP
|b LISP
|c DON
|d 2017-09-13
|e ΒΑΛ
|i 128084
|l 0
|o 873 GIN
|p 025000246827
|r 2017-09-13 00:00:00
|t 1
|v 2017.00
|w 2017-09-13
|y BK15
|
| 999 |
|
|
|c 130610
|d 130610
|
| 040 |
|
|
|a GR-PaULI
|b gre
|c GR-PaULI
|e AACR2
|
| 041 |
1 |
|
|a gre
|h ita
|
| 082 |
0 |
4 |
|2 23
|a 873
|
| 100 |
1 |
|
|a Ginzburg, Natalia,
|d 1916-1991
|e συγγραφέας
|9 164063
|
| 245 |
1 |
0 |
|a Έτσι έγινε :
|b μυθιστόρημα /
|c Ναταλία Γκίντσμπουργκ ; μετάφραση Στέλλα Β. Θεοδωροπούλου.
|
| 250 |
|
|
|a 2η έκδ.
|
| 260 |
|
|
|a [Αθήνα] :
|b Κέδρος,
|c 1980.
|
| 300 |
|
|
|a 113, [2] σ. ;
|c 21 εκ.
|
| 490 |
1 |
|
|a Ξένη λογοτεχνία
|
| 765 |
0 |
8 |
|i Μετάφραση του:
|t E stato cosi
|
| 830 |
|
0 |
|9 159169
|a Ξένη λογοτεχνία
|
| 942 |
|
|
|2 ddc
|c BK15
|
| 998 |
|
|
|c ΛΟΤΣΑΡΗ
|d 2017-09
|